000 00867nas a2200289 4500
001 BR2018001970
003 BR-BrBNA
005 20231205131423.0
007 ta
008 230509b bl.|||p| |||| 00| 00por d
040 _aBR-BrBNA
_bpor
_cBiblioteca Nacional de Agricultura
041 _a(Pt)
072 _aK10
100 1 _aPinto, A.A.
100 1 _aTeles, B.R.
100 1 _aAnjos, N. dos
100 1 _aCouceiro, S.R.M.
245 1 _aPredação de sementes de andiroba (Carapa guianensis Aubl. e Carapa procera DC. (Meliaceae)) por insetos na Amazônia
650 _aANDIROBA
650 _aSEMENTE
650 _aPREDADOR
650 _aINSETO
650 _aAMAZONIA
773 0 _tRevista Árvore (Brazil)
_xISSN 0100-6762
_g(Nov-Dec 2013), v. 37(6) p. 1115-1123
_wBR2018001970
909 _a202311
_bLúcia
_c55
_dLúcia Elande
942 _2AGRIS
_n0
_cANA
999 _c254711
_d254711